| Tag |
First Indicator |
Second Indicator |
Subfields |
| LEADER |
00000pam a2200000 a 4500 |
| 001 |
in00001661985 |
| 005 |
20151023125120.0 |
| 008 |
010926s2002 mau b 000 0 eng |
| 010 |
|
|
|a 2001050397
|
| 020 |
|
|
|a 0792375521 (alk. paper)
|
| 035 |
|
|
|a (OCoLC)ocm48073904
|
| 040 |
|
|
|a DLC
|c DLC
|d TXA
|d UtOrBLW
|
| 049 |
|
|
|a TXAM
|
| 050 |
0 |
0 |
|a JZ1318
|b .G585 2002
|
| 082 |
0 |
0 |
|a 327.1
|2 21
|
| 245 |
0 |
0 |
|a Globalization and regionalization :
|b challenges for public policy /
|c edited by David B. Audretsch and Charles F. Bonser.
|
| 264 |
|
1 |
|a Boston :
|b Kluwer Academic Publishers,
|c [2002]
|
| 264 |
|
4 |
|c ©2002
|
| 300 |
|
|
|a 120 pages ;
|c 25 cm.
|
| 336 |
|
|
|a text
|b txt
|2 rdacontent
|
| 337 |
|
|
|a unmediated
|b n
|2 rdamedia
|
| 338 |
|
|
|a volume
|b nc
|2 rdacarrier
|
| 504 |
|
|
|a Includes bibliographical references.
|
| 650 |
|
0 |
|a Globalization.
|
| 650 |
|
0 |
|a Regionalism (International organization)
|
| 700 |
1 |
|
|a Audretsch, David B.
|
| 700 |
1 |
|
|a Bonser, Charles F.
|
| 948 |
|
|
|a cataloged
|b h
|c 2002/2/20
|d c
|e dmitchel
|f 10:30:20 am
|
| 994 |
|
|
|a E0
|b TXA
|
| 999 |
|
|
|a MARS
|
| 999 |
f |
f |
|s f3b66401-c574-3448-8dd1-e73de9ee4ba6
|i 43b50840-c01b-30a0-aa8e-87a662913b06
|t 0
|
| 952 |
f |
f |
|p ric
|a Texas A&M University
|b Rellis Campus
|c Joint Library Facility
|d Remote Storage
|t 0
|e JZ1318 .G585 2002
|h Library of Congress classification
|i unmediated -- volume
|m A14828467817
|
| 998 |
f |
f |
|a JZ1318 .G585 2002
|t 0
|l Remote Storage
|